000
00272nam a2200121Ia 4500
008
190216s9999||||xx |||||||||||||| ||und||
100
_a
Usman K
245
0
_a
Pradama Sushroosha
260
_b
Al Huda Book Stall
300
_a
65
650
_a
Islamic History
942
_c
BK
999
_c
22320
_d
22320